00882nam a22002417a 450000500170000001000130001702000220003003500130005203700160006504000120008108200160009324500690010926000400017827000140021830000260023250000510025865000390030965000310034870000290037994200250040899900190043395201880045220170124110004.0 aA-043024 c00.00a0471630608 aA-043024 bCen Lib/Ret aDPLbEN a330.18bNAY aComputer simulation techniques /cby Thomas H. Naylor...[et al.] aNew York bJohn Wiley & Sons c1966 bNew York  axiii, 352p.c22cm(Hb) aIncludes bibliographical references and index  aDigital computer simulation916547 aComputer simulation916548 aNaylor, Thomas H.916549 2ddccENh330.18mNAY c126090d126090 04104070aLbLd2015-06-24eCen Lib/Retg0.00l0o330.18 NAYpA-043024r2015-06-24 00:00:00t1v0.00w2015-06-24yENzWritten off on approval by DLB (By Circulation); dtd 15-06-2023